[Event "XI Open"]
[Site "Malaga ESP"]
[Date "2008.02.24"]
[Round "3"]
[White "Pilaj,H"]
[Black "Carlsson,P"]
[Result "0-1"]
[WhiteElo "2374"]
[BlackElo "2501"]

1.c4 Nf6 2.d4 b6 3.Nf3 e6 4.Nc3 Bb4 5.Bg5 h6 6.Bh4 g5 7.Bg3 Ne4 8.Qc2 Bb7
9.e3 Bxc3+ 10.bxc3 d6 11.Bd3 f5 12.d5 Nd7 13.Bxe4 fxe4 14.Qxe4 Qf6 15.O-O O-O-O
16.Qxe6 Qxe6 17.dxe6 Nc5 18.Nd4 Rde8 19.f3 Nxe6 20.e4 h5 21.h4 Rhg8 22.Nxe6 Rxe6
23.hxg5 Rxg5 24.Bf4 Rc5 25.Kf2 Bc6 26.Rh1 Be8 27.Bd2 Rxc4 28.Rh3 Ra4 29.a3 Kd7
30.Rg3 Rg6 31.Rxg6 Bxg6 32.Ke3 Ke6 33.c4 Rxc4 34.Rc1 Rxc1 35.Bxc1 d5 36.g3 c5
37.Kd3 Kd7 38.Bf4 Kc6 39.Bb8 a5 40.Be5 b5 41.Bc3 b4 42.axb4 cxb4 43.Be1 Kb5
44.Kc2 a4 45.Kb2 dxe4 46.fxe4 Bxe4 47.Bd2 a3+ 48.Ka2 Ka4 49.Ka1 b3 50.Bc1 Bh7  0-1

[Event "XI Open"]
[Site "Malaga ESP"]
[Date "2008.02.26"]
[Round "5"]
[White "Lasinskas,P"]
[Black "Roeder,M"]
[Result "1/2-1/2"]
[WhiteElo "2265"]
[BlackElo "2461"]

1.d4 Nf6 2.c4 e6 3.Nf3 b6 4.Nc3 Bb4 5.Bg5 Bb7 6.e3 h6 7.Bh4 c5 8.Bd3 cxd4
9.exd4 Bxc3+ 10.bxc3 d6 11.O-O Nbd7 12.Qe2 O-O 13.Nd2 Qc7 14.f4 Rfe8 15.Rae1 d5
16.c5 Ne4 17.Nxe4 dxe4 18.Bxe4 bxc5 19.g4 cxd4 20.cxd4 Bxe4 21.Qxe4 Qc4 22.Rf2 Nb6
23.g5 Qd5 24.gxh6 Qxe4 25.Rxe4 g6 26.Bf6 Nd5 27.Bg7 Rac8 28.h4 Ne7 29.h5 gxh5
30.Re5 Nf5 31.d5 Kh7 32.Rfe2 Nxg7 33.hxg7 Kxg7 34.f5 Kf6 35.fxe6 fxe6 36.dxe6 Rc6
37.Rxh5 Rcxe6 38.Rh6+  1/2-1/2

[Event "10th Rector Cup w"]
[Site "Kharkiv UKR"]
[Date "2008.03.02"]
[Round "7"]
[White "Ostroverkhova,E"]
[Black "Karlovich,A"]
[Result "1/2-1/2"]
[WhiteElo "2055"]
[BlackElo "2198"]

1.d4 Nf6 2.Nf3 e6 3.c4 b6 4.Nc3 Bb4 5.Qc2 Bb7 6.Bg5 h6 7.Bh4 O-O 8.e3 d6
9.Bd3 Nbd7 10.O-O Bxc3 11.Qxc3 Qe7 12.Nd2 g5 13.Bg3 Nh5 14.f3 e5  1/2-1/2

[Event "65th ch-GEO w"]
[Site "Tbilisi GEO"]
[Date "2008.03.02"]
[Round "4"]
[White "Guramishvili,S"]
[Black "Khukhashvili,S"]
[Result "1/2-1/2"]
[WhiteElo "2300"]
[BlackElo "2387"]

1.d4 Nf6 2.c4 e6 3.Nf3 b6 4.Nc3 Bb4 5.Bg5 Bb7 6.Nd2 h6 7.Bh4 Qe7 8.f3 Bxc3
9.bxc3 d6 10.e4 g5 11.Bf2 Nh5 12.c5 f5 13.Bb5+ Kf8 14.O-O f4 15.cxd6 cxd6
16.Qa4 Rg8 17.Qa3 Nf6 18.Rfe1 Nbd7 19.Rac1 Ne8 20.c4 Kf7 21.Qa4 Nf8 22.c5 Ng6
23.Bxe8+ Rgxe8 24.Nc4 dxc5 25.dxc5 bxc5 26.Qb5 Kg8 27.Bxc5 Qc7 28.Na5 a6
29.Qb4 Bc8 30.Bb6 Qe7 31.Qb2 e5 32.Rc7 Qf6 33.Rec1 Be6 34.Qe2 h5 35.Kh1 g4
36.R7c6 Ne7 37.R6c3 g3 38.Bc7 Ng6 39.h3 Kh7 40.Nb7 Qh4 41.Nd6 Rg8 42.Nf5 Qg5
43.Qc2 Rac8 44.Rc6 Bd7 45.Rd6 Bb5 46.Qb3 Rcf8 47.a4 Be8 48.h4 Nxh4 49.Rh6+ Qxh6
50.Nxh6 Kxh6 51.Bd6 Ng6 52.Bxf8+ Rxf8 53.Qc4 Rf6 54.Qg8 Bxa4 55.Qd8 Rc6  1/2-1/2

[Event "65th ch-GEO w"]
[Site "Tbilisi GEO"]
[Date "2008.03.04"]
[Round "6"]
[White "Khurtsilava,I"]
[Black "Khukhashvili,S"]
[Result "1-0"]
[WhiteElo "2312"]
[BlackElo "2387"]

1.d4 Nf6 2.c4 e6 3.Nf3 b6 4.Nc3 Bb7 5.Bg5 Bb4 6.Qb3 c5 7.dxc5 Na6 8.Nd2 Rc8
9.f3 Rxc5 10.Bh4 d5 11.cxd5 Bxc3 12.bxc3 Rxd5 13.Qa4+ Qd7 14.Qxd7+ Nxd7 15.e4 Rh5
16.Bf2 Nac5 17.Nc4 f5 18.exf5 exf5 19.Nd6+ Ke7 20.O-O-O f4 21.Bb5 Bd5 22.Nc4 Be6
23.Rhe1 Nd3+ 24.Rxd3 Rxb5 25.Rd6 Nf8 26.Bh4+ g5 27.Bf2 Rg8 28.a4 Rf5 29.Kb2 Rg6
30.Rd4 Nd7 31.Nd6 Rf8 32.h4 h6 33.h5 Rgf6 34.Nb5 Nc5 35.Nxa7 Kf7 36.Nc6 Ra8
37.Nd8+ Ke7 38.Nc6+ Kf7 39.Rd6 Nxa4+ 40.Kc1 Nc5 41.Bxc5 bxc5 42.Nd8+ Ke7
43.Rdxe6+ Rxe6 44.Rxe6+ Kxd8 45.Kb2 Rb8+ 46.Kc2 Ra8 47.Rxh6 Ra2+ 48.Kd3 Rxg2
49.Rg6 Ke7 50.h6 Rh2 51.Ke4 c4 52.Kf5 Rh3 53.Rg7+ Kd6 54.h7 g4 55.Kxg4  1-0

[Event "ch-UKR Girls u20"]
[Site "Odessa UKR"]
[Date "2008.03.06"]
[Round "2"]
[White "Maiko,A"]
[Black "Zingaylo,A"]
[Result "1/2-1/2"]
[WhiteElo "2053"]
[BlackElo "2090"]

1.d4 Nf6 2.Nf3 e6 3.c4 b6 4.Nc3 Bb7 5.Bg5 Be7 6.e3 O-O 7.Bd3 h6 8.Bh4 c5
9.O-O cxd4 10.Nxd4 d5 11.Bg3 Nc6 12.Ncb5 Qd7 13.cxd5 Nxd4 14.Nxd4 Qxd5 15.Qf3 Qd7
16.Qe2 Rfd8 17.Rfd1 Bd6 18.Bh4 Qe7 19.Rac1 Rac8 20.Ba6 g5 21.Bg3 Bxg3 22.hxg3 Ne4
23.Bxb7 Qxb7 24.Qf3 Kg7 25.b4 Qd5 26.Rxc8 Rxc8 27.Nb3 Qf5 28.Qxf5 exf5 29.Nd4 Kf6
30.b5 a6 31.bxa6 Ra8 32.f3 Nc5 33.Nb3 Rxa6 34.Rd6+ Ne6 35.Rc6 Rxa2 36.Rxb6  1/2-1/2

[Event "KNSB TCh-NED 2007-8"]
[Site "Netherlands NED"]
[Date "2008.03.08"]
[Round "7"]
[White "Van Wessel,R"]
[Black "Kabatianski,A"]
[Result "0-1"]
[WhiteElo "2326"]
[BlackElo "2426"]

1.d4 Nf6 2.Nf3 e6 3.c4 b6 4.Nc3 Bb7 5.a3 d5 6.cxd5 Nxd5 7.Bd2 Nd7 8.Qc2 c5
9.Nxd5 exd5 10.g3 Be7 11.Bh3 O-O 12.O-O c4 13.Rad1 b5 14.Bg2 Bf6 15.Bc3 Re8
16.Ne5 Nxe5 17.dxe5 Bxe5 18.Bxe5 Rxe5 19.Rd4 Qd6 20.Rfd1 Qc5 21.e3 a5 22.Qd2 b4
23.axb4 axb4 24.h4 g6 25.f4 Re7 26.Qf2 c3 27.bxc3 bxc3 28.Kh2 Rae8  0-1

[Event "XXIII Open"]
[Site "Reykjavik ISL"]
[Date "2008.03.10"]
[Round "8"]
[White "Jankovic,A"]
[Black "Jackova,J"]
[Result "1-0"]
[WhiteElo "2541"]
[BlackElo "2375"]

1.d4 Nf6 2.Nf3 e6 3.c4 b6 4.Nc3 Bb4 5.Bg5 Bb7 6.e3 h6 7.Bh4 Bxc3+ 8.bxc3 d6
9.Nd2 Nbd7 10.f3 Qe7 11.Qa4 O-O 12.e4 e5 13.Be2 Qe6 14.g4 Nh7 15.Bf2 a6 16.h4 b5
17.Qc2 bxc4 18.d5 Qf6 19.Nxc4 a5 20.Ne3 c6 21.Rb1 Nc5 22.Nf5 Ba6 23.Rb6 Rfc8
24.Bxc5 Bxe2 25.Bxd6 Qd8 26.Rb7 Ba6 27.Be7 Bxb7 28.Bxd8 Rxd8 29.dxc6 Ba6
30.Kf2 Nf8 31.Rd1 Ne6 32.Rxd8+ Rxd8 33.Ne7+ Kf8 34.Nd5 Nc5 35.Qb1  1-0

[Event "Isbank Ataturk Women's Masters"]
[Site "Istanbul TUR"]
[Date "2008.03.12"]
[Round "2"]
[White "Harika,D"]
[Black "Javakhishvili,L"]
[Result "1-0"]
[WhiteElo "2455"]
[BlackElo "2470"]

1.d4 Nf6 2.c4 e6 3.Nf3 b6 4.Nc3 Bb7 5.a3 d5 6.Bg5 Be7 7.Bxf6 Bxf6 8.cxd5 exd5
9.Qb3 O-O 10.Rd1 Re8 11.g3 c5 12.Bg2 Ba6 13.O-O Bc4 14.Qa4 Nd7 15.Qc2 Rc8
16.Rfe1 cxd4 17.Nxd4 Nc5 18.e3 g6 19.Qb1 Nb3 20.Nde2 d4 21.Nxd4 Nxd4 22.Ne4 Bg7
23.exd4 f5 24.Nc3 Rxe1+ 25.Rxe1 Bxd4 26.Rd1 Qf6 27.Bd5+ Kg7 28.Bxc4 Rxc4
29.Qd3 Qc6 30.Qe2 Bf6 31.Rd3 h5 32.Qd2 f4 33.Rd7+ Kh6 34.Rd6 Bxc3 35.Rxc6 Bxd2
36.Rxc4 fxg3 37.hxg3 Bg5 38.Rc6 Be7 39.b4 Bf8 40.f4 Bg7 41.f5  1-0

[Event "ch-UKR Boys u20"]
[Site "Odessa UKR"]
[Date "2008.03.13"]
[Round "9"]
[White "Ipatov,A"]
[Black "Grekh,A"]
[Result "1-0"]
[WhiteElo "2323"]
[BlackElo "2376"]

1.d4 Nf6 2.c4 e6 3.Nf3 b6 4.Nc3 Bb7 5.e3 Bb4 6.Bd3 O-O 7.O-O c5 8.Na4 cxd4
9.exd4 d5 10.c5 bxc5 11.Nxc5 Bxc5 12.dxc5 Nbd7 13.b4 a5 14.Nd4 Qc7 15.Bg5 e5
16.Nb5 Qc6 17.a3 d4 18.f3 Nd5 19.Nd6 Nc3 20.Qc2 h6 21.Be7 Nf6 22.Bxf6 gxf6
23.Qd2  1-0

[Event "V Int"]
[Site "Los Llanos de Aridane ESP"]
[Date "2008.03.18"]
[Round "5"]
[White "Guramishvili,S"]
[Black "Perez Felipe,M"]
[Result "0-1"]
[WhiteElo "2300"]
[BlackElo "2223"]

1.d4 Nf6 2.c4 e6 3.Nf3 b6 4.Nc3 Bb4 5.Bg5 Bb7 6.Nd2 h6 7.Bh4 c5 8.d5 d6 9.Qc2 e5
10.e3 Nbd7 11.Bd3 Bxc3 12.Qxc3 Qe7 13.O-O g5 14.Bg3 Nh5 15.f4 Nxg3 16.hxg3 O-O-O
17.Bf5 f6 18.fxg5 fxg5 19.Rf2 Rdf8 20.Raf1 Kc7 21.Qc2 h5 22.Bxd7 Rxf2 23.Rxf2 Kxd7
24.Qg6 Rf8 25.Rxf8 Qxf8 26.Qxg5 b5 27.b3 Qf7 28.Ne4 Kc7 29.Qh6 Qe7 30.Qxh5 Ba6
31.Nd2 e4 32.Qh4 Qe5 33.cxb5 Bxb5 34.Qxe4 Qxg3 35.Qe7+ Kb6 36.Nc4+ Bxc4 37.bxc4 a6
38.Qe4 Ka5 39.Kf1 Qg7 40.g4 Qa1+ 41.Kf2 Qxa2+ 42.Kg3 Kb4 43.g5 a5 44.g6 Qa1
45.Qe8 a4 46.Qb5+ Kc3 47.Kf2 Kd3 48.Qe8 a3 49.Qf7 a2 50.g7 Qb2+ 51.Kg3 Kxc4
52.Qg6 Qf2+  0-1

[Event "ch-Siberia"]
[Site "Novokuznetsk RUS"]
[Date "2008.03.19"]
[Round "7"]
[White "Dashiev,K"]
[Black "Spirin,Alexa"]
[Result "1-0"]
[WhiteElo "2148"]
[BlackElo "1909"]

1.Nf3 Nf6 2.c4 e6 3.d4 b6 4.Nc3 Bb4 5.e3 O-O 6.Bd3 Bb7 7.O-O Bxc3 8.bxc3 d6
9.Qc2 d5 10.Qe2 Nbd7 11.Rd1 Ne4 12.Bb2 f5 13.cxd5 exd5 14.Rac1 Rf6 15.c4 c6
16.Qc2 Rc8 17.Qa4 a5 18.cxd5 cxd5 19.Rxc8 Qxc8 20.Rc1 Rc6 21.Rxc6 Bxc6 22.Qb3 Qb7
23.Ne5 Nxe5 24.dxe5 Nc5 25.Qc2 Nxd3 26.Qxd3 Bd7 27.Qa3 Kf7 28.Bd4 Qc6 29.h3 Ke8
30.e6 Qxe6 31.Bxg7 Qe7 32.Qc3 b5 33.Bh6 Qf7 34.Qxa5 Ke7 35.Qb4+ Ke6 36.Bf4 Qe7
37.Qd4 Qf6 38.Qc5 Qe7 39.Qd4 Qf6 40.Qc5 Qe7 41.Qb6+ Kf7 42.Qh6 Kg8 43.Bd6 Qg7
44.Qh4 Kf7 45.Qe7+ Kg6 46.Qd8 Qf7 47.Be5 Qe6 48.f4 Kf7 49.a3 Be8 50.Qh4 Qg6
51.Kh2 Kf8 52.Bd4 Kf7 53.Bc5 Kg8 54.Qe7 Qf7 55.Qe5 Bd7 56.Bd4 Kf8 57.Qh8+ Qg8
58.Bc5+ Kf7 59.Qe5 Kg6 60.Bd4 Qf7 61.g4 h6 62.h4 h5 63.g5 Be6 64.Qh8 Qe7
65.Qh6+ Kf7 66.Qxh5+ Kf8 67.Qh8+ Bg8 68.Qh6+ Ke8 69.Qc6+ Qd7 70.Qa8+ Qd8
71.Qxd8+ Kxd8 72.g6 Ke7 73.h5 Kf8 74.h6  1-0

[Event "TCh-FRA Top 16 Gp B"]
[Site "Gonfreville FRA"]
[Date "2008.03.22"]
[Round "1"]
[White "Assad,K"]
[Black "Collas,S"]
[Result "1/2-1/2"]
[WhiteElo "2042"]
[BlackElo "2405"]

1.d4 Nf6 2.c4 e6 3.Nf3 b6 4.Nc3 Bb4 5.Qc2 Bb7 6.Nd2 O-O 7.a3 Bxc3 8.Qxc3 d6
9.b4 a5 10.Bb2 Re8 11.e3 Nbd7 12.f3 axb4 13.axb4 Rxa1+ 14.Bxa1 c5 15.Be2 Qa8
16.O-O Qa4 17.Rb1 Ra8 18.bxc5 dxc5 19.Bb2 cxd4 20.exd4 Qc6 21.Ra1 Rxa1+ 22.Bxa1 Nf8
23.Bd3 Ng6 24.g3 Qc7 25.Bb2 Ne7 26.Ne4 Ne8 27.Qb4 Nc6 28.Qb5 Qd8 29.Kg2 f5
30.Nd2 Nd6 31.Qb3 Na5 32.Qc3 Ne8 33.Nb3 Nxb3 34.Qxb3 Kf7 35.c5 Qa8 36.Bc4 Nc7
37.cxb6 Nd5 38.Ba3 Qa5 39.Bxd5 Qd2+ 40.Kh3 Qh6+ 41.Kg2 Qd2+ 42.Kh3 Bxd5 43.Qb4 Qxb4
44.Bxb4 Bxf3 45.g4 f4 46.g5 Kg6 47.b7 Bxb7 48.Kg4 f3 49.Be1 Bd5 50.h4 Kf7
51.Kf4 Ke7 52.Ke5 Kd7 53.h5 Kc6 54.Bf2 Kd7  1/2-1/2

[Event "9th North American Inv"]
[Site "Chicago USA"]
[Date "2008.03.24"]
[Round "5"]
[White "Tsyganov,I"]
[Black "Amanov,M"]
[Result "0-1"]
[WhiteElo "2260"]
[BlackElo "2403"]

1.d4 Nf6 2.Nf3 e6 3.c4 b6 4.Nc3 Bb4 5.Bg5 Bb7 6.Nd2 h6 7.Bh4 O-O 8.a3 Bxc3
9.bxc3 d6 10.f3 Nbd7 11.e4 e5 12.Bd3 Re8 13.O-O Nf8 14.Bf2 Ne6 15.g3 Nd7
16.Be3 Qf6 17.Nb3 Qg6 18.Kh1 Re7 19.c5 dxc5 20.d5 Ng5 21.c4 c6 22.f4 cxd5
23.f5 dxe4 24.Bc2 Qc6 25.Nd2 Nf6  0-1

[Event "3rd Open"]
[Site "Kolkata IND"]
[Date "2008.03.26"]
[Round "3"]
[White "Dobrov,V"]
[Black "Laxman,R"]
[Result "1/2-1/2"]
[WhiteElo "2501"]
[BlackElo "2439"]

1.d4 Nf6 2.c4 e6 3.Nf3 b6 4.Nc3 Bb7 5.a3 g6 6.Qc2 Bg7 7.e4 d6 8.Be2 Nbd7
9.O-O O-O 10.Re1 a6 11.Bf1 c5 12.d5 exd5 13.exd5 b5 14.cxb5 axb5 15.Bxb5 Nxd5
16.Bg5 N7f6 17.Nxd5 Bxd5 18.Rad1 Qb6 19.a4 Be6 20.Qd2 d5 21.Bh6 Rad8 22.Bxg7 Kxg7
23.b4 cxb4 24.Qxb4 Bg4 25.a5 Qb8 26.Rd4 Bxf3 27.gxf3 Rc8 28.a6 Rc2 29.Re7 Ne4
30.Rxd5 Nxf2 31.Qd4+ Kg8 32.Rxf7 Nh3+ 33.Kf1 Rc1+ 34.Kg2 Rc2+ 35.Kf1 Rc1+
36.Kg2 Rc2+  1/2-1/2

[Event "TCh-RUS w"]
[Site "Dagomys RUS"]
[Date "2008.04.10"]
[Round "8"]
[White "Harika,D"]
[Black "Kovalevskaya,E"]
[Result "0-1"]
[WhiteElo "2461"]
[BlackElo "2421"]

1.d4 Nf6 2.Nf3 e6 3.c4 b6 4.Nc3 Bb7 5.a3 d5 6.Bg5 Be7 7.Bxf6 Bxf6 8.cxd5 exd5
9.Qb3 O-O 10.Rd1 Qd6 11.g3 Na6 12.Bg2 c5 13.O-O Rfe8 14.e3 c4 15.Qc2 Nc7
16.e4 dxe4 17.Nd2 Bxd4 18.Nxc4 Qf6 19.Bxe4 Ba6 20.Bxa8 Bxc3 21.Qxc3 Qxc3
22.bxc3 Rxa8 23.Rd7 Ne6 24.Ne5 Bxf1 25.Kxf1 Nd8 26.Ke2 Kf8 27.f4 f6 28.Nc4 Ne6
29.Ne3 Nc5 30.Rc7 Na6 31.Rc6 Re8 32.Kf3 Rd8 33.a4 Ke7 34.Nf5+ Kd7 35.Rc4 g6
36.Ne3 f5 37.a5 bxa5 38.Ra4 Nc7 39.Rxa5 a6 40.c4 Kc6 41.Nd5 Nxd5 42.cxd5+ Kb6
43.Ra2 Rxd5 44.Re2 Rd7 45.Re6+ Kb5 46.g4 fxg4+ 47.Kxg4 a5 48.Re5+ Kb4 49.Re4+ Kc3
50.Re3+ Kc2 51.h4 a4 52.h5 Ra7 53.hxg6 hxg6 54.Kg5 Ra6 55.Rh3 Kb2 56.Rh2+ Kb3
57.Rh3+ Kb4 58.Rh4 Kc5 59.Rh1 a3 60.Rc1+ Kd4 61.Rd1+ Kc3 62.Ra1 Kb2 63.Re1 a2
64.Re2+ Kc3 65.Rxa2 Rxa2 66.Kxg6 Kd4  0-1

[Event "FSIM April"]
[Site "Budapest HUN"]
[Date "2008.04.14"]
[Round "10"]
[White "Werner,Di"]
[Black "Szabo,Ben"]
[Result "1/2-1/2"]
[WhiteElo "2300"]
[BlackElo "2216"]

1.d4 Nf6 2.c4 e6 3.Nf3 b6 4.Nc3 Bb4 5.Qc2 Bb7 6.a3 Bxc3+ 7.Qxc3 O-O 8.e3 d6
9.Be2 Nbd7 10.O-O c5 11.b4 Qe7 12.Bb2 Rac8 13.dxc5 dxc5 14.b5 Rfe8 15.a4 e5
16.a5 Ne4 17.Qc2 Ng5 18.axb6 Nxf3+ 19.Bxf3 Bxf3 20.gxf3 Qg5+ 21.Kh1 Qh5 22.Qe2 Re6
23.Rg1 axb6 24.Qd1 Nf6 25.Rg3 Qh4 26.Qf1 Rd8 27.Bc3 g6 28.Bxe5 Rxe5 29.Rh3 Qg5
30.f4 Qf5 31.fxe5 Ne4 32.f3 Nf2+ 33.Qxf2 Qxh3 34.Qg3 Qf5 35.e4 Qd7 36.Qf4 Qd4
37.Rc1 Qb2 38.Rg1 Re8 39.Rd1 Qxe5 40.Qxe5 Rxe5 41.Rd8+ Kg7 42.Rb8 Re6 43.Kg2 Rd6  1/2-1/2

[Event "10th Open"]
[Site "Dubai UAE"]
[Date "2008.04.14"]
[Round "9"]
[White "Ravi,L"]
[Black "Nikzaban,E"]
[Result "1-0"]
[WhiteElo "2382"]
[BlackElo "2069"]

1.d4 Nf6 2.Nf3 e6 3.c4 b6 4.Nc3 Bb7 5.a3 d5 6.Qc2 c5 7.cxd5 Nxd5 8.e4 Nxc3
9.bxc3 Be7 10.Bb5+ Bc6 11.Bd3 O-O 12.Bb2 Nd7 13.Rd1 f5 14.exf5 Bxf3 15.gxf3 Bh4
16.Bc4 Kh8 17.Bxe6 Qe7 18.d5 Qd6 19.Qe4 Bg5 20.Rg1 Nf6 21.Qc2 Bh6 22.Rg3 Nh5
23.c4 Rae8 24.Qe4 Qb8 25.Rh3 Nf6 26.Qe5 b5 27.cxb5 Nd7 28.Qc3 Rxf5 29.Rxh6 Re5+
30.Kf1  1-0

[Event "II Open"]
[Site "La Laguna ESP"]
[Date "2008.04.21"]
[Round "1"]
[White "Navarro Molina,D"]
[Black "Jaracz,P"]
[Result "0-1"]
[WhiteElo "1722"]
[BlackElo "2510"]

1.d4 Nf6 2.c4 e6 3.Nf3 b6 4.Nc3 Bb4 5.Qc2 Bb7 6.Bg5 h6 7.Bh4 Bxc3+ 8.Qxc3 g5
9.Bg3 Ne4 10.Qc2 d6 11.Nd2 f5 12.f3 Nxg3 13.hxg3 Qf6 14.Qd3 Nd7 15.e4 c5
16.dxc5 Nxc5 17.Qxd6 Rd8 18.Qc7 Qxb2 19.Rd1 Rd7  0-1

[Event "IX EICC"]
[Site "Plovdiv BUL"]
[Date "2008.04.25"]
[Round "5"]
[White "Khmelniker,I"]
[Black "Haroutjunian,D"]
[Result "1-0"]
[WhiteElo "2459"]
[BlackElo "2293"]

1.d4 Nf6 2.c4 e6 3.Nf3 b6 4.Nc3 Bb7 5.a3 d5 6.Bg5 Be7 7.cxd5 exd5 8.Qa4+ c6
9.e3 O-O 10.Bd3 Nbd7 11.O-O a5 12.Qc2 Ba6 13.Bxa6 Rxa6 14.Rfe1 b5 15.Nd2 Nb6
16.e4 dxe4 17.Ndxe4 Nfd5 18.Nxd5 Nxd5 19.Bxe7 Nxe7 20.Qc5 Nd5 21.Nc3 Nxc3
22.bxc3 Qd5 23.Re5 Qxc5 24.Rxc5 Rd8 25.Rb1 g6 26.Kf1 Kf8 27.Ke2 Ke7 28.Kd3 Kd6
29.c4 b4 30.axb4 axb4 31.Rxb4 Ra3+ 32.Ke4 Ra2 33.Rb6 Re8+ 34.Kf3 Rc8 35.Re5 Rc7
36.c5+ Kd7 37.Rb8 f6 38.Re3 Rca7 39.Rbe8 R2a3 40.Re7+ Kd8 41.Re6  1-0

[Event "Mayors Cup Open"]
[Site "Mumbai IND"]
[Date "2008.05.12"]
[Round "2"]
[White "Nargundkar,A"]
[Black "Boricha,K"]
[Result "1/2-1/2"]
[WhiteElo "1882"]
[BlackElo "2211"]

1.d4 Nf6 2.Nf3 e6 3.c4 b6 4.Nc3 Bb7 5.g3 Bxf3 6.exf3 d5 7.Bd3 Be7 8.cxd5 exd5
9.O-O O-O 10.f4 c5 11.dxc5 bxc5 12.Qf3 Nc6 13.Ne2 Qc8 14.Bd2 c4 15.Bc2 Rd8
16.Rfd1 Bc5 17.b3 Qh3 18.Qg2 Qh5 19.Be3 Qxe2 20.Rd2 Qh5 21.Bxc5 c3 22.Rdd1 Rac8
23.Bd4 Nb4 24.Rdc1 Qe2 25.f3 Qe6 26.Re1 Qd7 27.a3 Nxc2 28.Qxc2 Ne8 29.Re3 Nd6
30.Rxc3 Rxc3 31.Qxc3  1/2-1/2

[Event "III President's Cup"]
[Site "Baku AZE"]
[Date "2008.05.15"]
[Round "4"]
[White "Khotenashvili,B"]
[Black "Ibrahimov,R"]
[Result "1/2-1/2"]
[WhiteElo "2333"]
[BlackElo "2535"]

1.d4 Nf6 2.c4 e6 3.Nf3 b6 4.Nc3 Bb7 5.a3 d5 6.cxd5 Nxd5 7.e3 Nd7 8.Nxd5 Bxd5
9.Qc2 c5 10.Ba6 Bxf3 11.gxf3 cxd4 12.exd4 Bd6 13.Qc6 Ke7 14.Bg5+ Nf6 15.d5 Qc7
16.Rc1 Qxc6 17.dxc6 Bc7 18.Rd1 Rhd8 19.Ke2 Rxd1 20.Rxd1 Rd8 21.Rxd8 Kxd8
22.Bxf6+ gxf6 23.h4 Be5 24.b4 Kc7 25.Bd3 f5 26.b5 h5 27.Kf1 Bf6 28.f4 Bxh4
29.Be2 Be7 30.Bxh5 Bxa3 31.Bxf7 Kd6 32.Ke2 Bb2 33.c7 Kxc7 34.Bxe6 Kd6 35.Bxf5 Ke7  1/2-1/2

[Event "Mayors Cup Open"]
[Site "Mumbai IND"]
[Date "2008.05.16"]
[Round "8"]
[White "Shetty,R"]
[Black "Laxman,R"]
[Result "0-1"]
[WhiteElo "2313"]
[BlackElo "2488"]

1.d4 Nf6 2.Nf3 e6 3.c4 b6 4.Nc3 Bb7 5.a3 d5 6.Bg5 Be7 7.Bxf6 Bxf6 8.cxd5 exd5
9.g3 O-O 10.Bg2 Re8 11.O-O Nd7 12.Rc1 c5 13.dxc5 Nxc5 14.Rc2 d4 15.Nb5 Bc6
16.Nbxd4 Ba4 17.e3 Nb3 18.Rc4 b5 19.Rxa4 bxa4 20.Nd2 Nxd2 21.Qxd2 Rc8 22.Rd1 Qb6
23.h4 Red8 24.Be4 g6 25.h5 Bxd4 26.exd4 Rc4 27.Qe2 Rcxd4 28.Rxd4 Qxd4 29.Kg2 Re8  0-1

[Event "Mayors Cup Open"]
[Site "Mumbai IND"]
[Date "2008.05.16"]
[Round "8"]
[White "Atishay,A"]
[Black "Swayams,M"]
[Result "0-1"]
[WhiteElo "1911"]
[BlackElo "2235"]

1.d4 Nf6 2.Nf3 e6 3.c4 b6 4.Nc3 Bb7 5.g3 d5 6.cxd5 exd5 7.Bg2 Be7 8.O-O O-O
9.Bf4 a6 10.Rc1 Nbd7 11.Ne5 c5 12.Nxd7 Qxd7 13.Na4 Qb5 14.Qb3 c4 15.Qxb5 axb5
16.Nc3 b4 17.Nb5 Rxa2 18.b3 c3 19.Nd6 Bc8 20.e4 dxe4 21.Nxe4 Nxe4 22.Bxe4 Rd8
23.d5 Bd6 24.Be3 Bc5 25.Bf4 Ba6 26.Ra1 Bxf2+ 27.Kh1 Rxa1 28.Rxa1 Bb5 29.Kg2 Bc5
30.Rd1 Re8 31.Bf3 Be2 32.Bxe2 Rxe2+ 33.Kf3 Re7 34.d6 Rd7 35.Ke4 g5 36.Be5 Rd8
37.d7 Kf8 38.Bf6 Be7 39.Be5 f6 40.Bc7 Rxd7 41.Rxd7 c2 42.Bd6 Bxd6 43.Rd8+ Ke7
44.Rc8 Bc5  0-1

[Event "Mayors Cup Open"]
[Site "Mumbai IND"]
[Date "2008.05.17"]
[Round "9"]
[White "Bakre,T"]
[Black "Arun,Ka"]
[Result "1-0"]
[WhiteElo "2455"]
[BlackElo "2281"]

1.d4 Nf6 2.Nf3 e6 3.c4 b6 4.Nc3 Bb4 5.Bg5 Bb7 6.Qc2 h6 7.Bh4 c5 8.d5 exd5
9.cxd5 Bxc3+ 10.bxc3 Bxd5 11.O-O-O Bxf3 12.gxf3 Nc6 13.e4 g5 14.Bg3 O-O 15.h4 Nh5
16.Bd6 Re8 17.Kb1 gxh4 18.f4 Ng7 19.f5 Qf6 20.f4 Nd4 21.cxd4 Qxd6 22.e5 Qc6
23.d5 Qc7 24.f6  1-0

[Event "III President's Cup"]
[Site "Baku AZE"]
[Date "2008.05.19"]
[Round "8"]
[White "Morchiashvili,B"]
[Black "Van Wely,L"]
[Result "0-1"]
[WhiteElo "2421"]
[BlackElo "2677"]

1.d4 Nf6 2.c4 e6 3.Nf3 b6 4.Nc3 Bb4 5.Bg5 Bb7 6.Nd2 h6 7.Bh4 Nc6 8.e3 Bxc3
9.bxc3 g5 10.Bg3 d6 11.Bd3 Qe7 12.O-O O-O-O 13.Qa4 h5 14.h4 Rdg8 15.d5 exd5
16.hxg5 Rxg5 17.Bh4 Rg4 18.Bf5+ Kb8 19.Bxg4 hxg4 20.cxd5 Rxh4 21.dxc6 Qe8
22.Rfe1 Bxc6 23.Qd4 Qh8 24.Kf1 g3 25.e4 Bb5+ 26.c4 gxf2 27.Qxf2 Nxe4  0-1

[Event "XXVII Open"]
[Site "Zalakarosi HUN"]
[Date "2008.05.25"]
[Round "4"]
[White "Kincs,I"]
[Black "Amstadt,A"]
[Result "0-1"]
[WhiteElo "2282"]
[BlackElo "2063"]

1.d4 e6 2.Nf3 Nf6 3.c4 b6 4.Nc3 Bb7 5.e3 Be7 6.Qc2 d5 7.a3 Nbd7 8.cxd5 Nxd5
9.Nxd5 Bxd5 10.e4 Bb7 11.Bf4 Rc8 12.Rd1 O-O 13.Bd3 c5 14.d5 c4 15.Be2 exd5
16.exd5 Bf6 17.h4 Re8 18.Ng5 Nf8 19.Ne4 Be5 20.Bg5 Qd7 21.h5 h6 22.Bc1 Qb5
23.f4 Bb8 24.Rd4 Qd7 25.O-O b5 26.b4 cxb3 27.Qxb3 a6 28.Qg3 Kh8 29.Bb2 f5
30.Rfd1 Ba7 31.Kh2 Rc2 32.R4d2 Rxd2 33.Rxd2 Rxe4 34.Bd3 Re3 35.Bxf5 Qf7 36.Qg4 Re1
37.Be6 Bg1+ 38.Kh3 Nxe6 39.dxe6 Qxe6 40.f5 Qe3+ 41.g3 Qg5 42.Rd8+ Kh7 43.f6 Bg2+
44.Kxg2 Qxg4  0-1

[Event "NAO Open"]
[Site "Oklahoma USA"]
[Date "2008.05.26"]
[Round "8"]
[White "Madison,J"]
[Black "Simo,J"]
[Result "1-0"]
[WhiteElo "1994"]
[BlackElo "2022"]

1.d4 Nf6 2.c4 e6 3.Nf3 b6 4.Nc3 d5 5.g3 Bb7 6.Bg2 Be7 7.O-O O-O 8.b3 c5 9.Bb2 Nc6
10.dxc5 bxc5 11.cxd5 exd5 12.Rc1 Rc8 13.Na4 Ne4 14.Nd2 Na5 15.Nxe4 dxe4 16.Bh3 f5
17.Qxd8 Rcxd8 18.Nxc5 Bd5 19.Rfd1 Nc6 20.Nb7 Rd7 21.Rxd5 Rxd5 22.Rxc6 Rd2
23.Be5 Rxa2 24.Rc7 Bf6 25.Bd6 Re8 26.Bxf5 Rxe2 27.Bd7 Rb8 28.Be6+ Kh8 29.Rf7 Re8
30.Bd7 Rg8 31.Nc5 e3 32.fxe3 Rxe3 33.Ne6 Rxb3 34.Bf8 a5 35.Bc6 Rc3 36.Bd5 a4
37.Nd8 Rd3 38.Rxf6  1-0

[Event "Doroshkevich mem"]
[Site "Maykop RUS"]
[Date "2008.05.31"]
[Round "8"]
[White "Ignatov,V"]
[Black "Elizarov,D"]
[Result "0-1"]
[WhiteElo "2278"]
[BlackElo "2298"]

1.d4 Nf6 2.c4 e6 3.Nf3 b6 4.Nc3 Bb7 5.a3 Be7 6.Bf4 O-O 7.e3 d5 8.Rc1 a6 9.cxd5 exd5
10.Bd3 Nbd7 11.O-O Nh5 12.Ne2 Nxf4 13.Nxf4 Bd6 14.Nh5 g6 15.Ng3 c5 16.dxc5 bxc5
17.Qe2 Qb6 18.Rfd1 Rfe8 19.Nf1 Nf8 20.Qd2 Ne6 21.Bc4 Rad8 22.Ba2 Bf8 23.Rb1 a5
24.Qc2 d4 25.Ne5 Qc7 26.exd4 Rxd4 27.Re1 Bxg2 28.Nxf7 Bd5 29.Bxd5 Rxd5 30.Qc4 Rd4
31.Qa6 Qxf7 32.Qxa5 Nf4 33.Ng3 Rxe1+ 34.Qxe1 Qd5  0-1

[Event "ch-Panamerican U20"]
[Site "Cali COL"]
[Date "2008.06.15"]
[Round "9"]
[White "Narvaez,Z"]
[Black "Valdes Escobar,A"]
[Result "1/2-1/2"]
[WhiteElo "2026"]
[BlackElo "2330"]

1.d4 Nf6 2.c4 e6 3.Nf3 b6 4.Nc3 Bb7 5.a3 d5 6.cxd5 exd5 7.Bg5 Be7 8.Bxf6 Bxf6
9.e3 O-O 10.Bd3 Re8 11.O-O Nd7 12.Qa4 c5 13.Ba6 Qc8 14.Bxb7 Qxb7 15.Qb3 cxd4
16.exd4 Rad8 17.Qxd5 Qxd5 18.Nxd5 Re2 19.Nxf6+ Nxf6 20.Rab1 Nd5 21.Rfc1 f6
22.g3 Kf7 23.Kf1 Re6 24.Rc2 g5 25.Re1 Red6 26.h3 h5 27.b4 R8d7 28.h4 g4 29.Nd2 Nc7
30.Ne4 Rxd4 31.Rc6 Ne8 32.Rc8 Rd8 33.Rxd8 Rxd8 34.Rc1 Rd3 35.Nc3 Nc7 36.Ke2 Rd6
37.Rd1 Rxd1 38.Kxd1 Ke6 39.Ke2 Ke5 40.Kd3 f5 41.Ke3 b5 42.Kd3 a6 43.Ke3  1/2-1/2

[Event "Open"]
[Site "Teplice CZE"]
[Date "2008.06.17"]
[Round "4"]
[White "Lechtynsky,J"]
[Black "Jurcik,Mart"]
[Result "1-0"]
[WhiteElo "2420"]
[BlackElo "2321"]

1.d4 Nf6 2.Nf3 e6 3.c4 b6 4.Nc3 Bb7 5.Bg5 Bb4 6.e3 O-O 7.Bd3 c5 8.O-O cxd4
9.exd4 h6 10.Bh4 Be7 11.Re1 d6 12.Qe2 Nbd7 13.Rad1 Rc8 14.h3 Re8 15.Bg3 a6
16.Rc1 Bf8 17.a3 Rc7 18.Nd2 e5 19.d5 g6 20.Bh2 Bg7 21.f3 Nh5 22.g4 Nhf6 23.Bg3 Nh7
24.b4 Rc8 25.Qg2 Nhf6 26.Bf2 Bf8 27.Kh1 Be7 28.Be3 Kg7 29.Rg1 Nh7 30.Nde4 Ng5
31.Ng3 Rg8 32.h4 Nh7 33.Nge4 Bf8 34.Qh3 Be7 35.Rc2 Rh8 36.Rh2 Rb8 37.Qg3 Bc8
38.g5 h5 39.f4 Re8 40.Qf2 exf4 41.Bxf4 Ne5 42.Qd4 Bf8 43.Re2 Qc7 44.Rge1 Bg4
45.Nxd6 Bxd6 46.Rxe5 Rxe5 47.Bxe5+ Kg8 48.Qf4 Re8 49.Bxd6 Rxe1+ 50.Kh2 Qd7
51.c5 bxc5 52.bxc5 Qe8 53.Be4 Bf5 54.Bxf5 gxf5 55.c6 Re3 56.Qd4 f4 57.Bxf4 Rf3
58.Kg2 Rxf4 59.Qxf4 Qe1 60.Qd4 Nf8 61.c7 Ng6 62.c8=Q+ Kh7 63.Qf5 Kg8 64.Qxg6+  1-0